000 00762nam a2200289 a 4500
003 AR-BaBNM
005 20251128210016.0
008 082120s2002 ||||||||||||||000 | spa||
020 _a0-17-557094-9
040 _cAR-BaBNM
100 1 _aPowell, Debra
245 0 0 _aCompact
_bupper intermediate : student's and practice book. 4/1
250 _a1ª ed.
260 _aHarlow
_bLongman
_c1995
300 _a77 p.
_bil.
650 4 _aINGLES
650 4 _aLENGUAS GERMANICAS
650 4 _aENSEÑANZA DE IDIOMAS
650 4 _aACTIVIDADES DE APRENDIZAJE
650 4 _aGRAMATICA
650 4 _aENSEÑANZA DEL VOCABULARIO
650 4 _aVOCABULARIO
650 4 _aSINTAXIS
700 1 _aForrester, Anthony
_ecolaborador
942 _cBK
998 _cMARTIN
999 _c13685
_d13685